000 01320nam0a2200277 4500
001 RU\NLR\bibl\1762757
005 20260408024711.0
035 _a(NLR Aleph) 001753562
090 _a1533957
_c1533957
100 _a20110425d2010 |||y0rusy50 ca
101 0 _arus
102 _aRU
105 _aa |||||||||
200 1 _aЮвелирный Олимп
_e[международный конкурс ювелирного и камнерезного искусства, 2008, 2009
_eальбом
_fавт. ст.: Г. Габриэль, М. Лопато]
210 _aСанкт-Петербург
_cМир камня
_d2010
215 _a117 с.
_cцв. ил.
_d30
606 1 _aЮвелирное искусство русское
_jАльбомы
_z21 в.
_92426332
_3RU\NLR\auth\661444522
686 _aЩ125.444.3(2Р=Рус)7я61
711 1 2 _a"Петербургский ювелир", выставка-конкурс
_f2008
_eСанкт-Петербург
_3RU\NLR\AUTH\8810185679
_9866577
711 1 2 _a"Петербургский ювелир", выставка-конкурс
_f2009
_eСанкт-Петербург
_3RU\NLR\AUTH\8810185680
_9866578
801 0 _aRU
_bNLR
_c20110425
_gRCR
801 1 _aRU
_bNLR
_c20110425
942 _cBOOK
980 _aNB